000 00775nam a2200181Ia 4500
008 151018s9999 xx 000 0 und d
082 _bRBASDV31458
_a780
100 _aबा गं आचरेकर
245 _aभारतीय संगीत व संगीत शास्त्र
250 _b1
260 _bमहाराष्ट्र राज्य साहित्य संस्कुती मंडळ मुंबई
_c1974
300 _a463
600 _aबा गं आचरेकर
630 _aभारतीय संगीत व संगीत शास्त्र
700 _aबा गं आचरेकर
730 _aभारतीय संगीत व संगीत शास्त्र
942 _cBOOK
999 _c1030991
_d1030988